00841nam a22001697a 4500008004100000020002900041050001500070100002300085245006500108250003900173260005700212300003300269500002100302505030200323650002500625700002100650110818t xxu||||| |||| 00| 0 eng d a0324318928 9780324318920 aHF5549.M42 aMathis, Robert L.  aHuman resource managementcRobert L. Mathis; John H. Jackson a10th ed, international student ed. aAustraliaaMason, OhiobThomson/South-Westernc2004. av, 421 p.bcol. illusc27 cm aIncludes indexes aContents: Section 1. Nature of Human Resource Management -- Section 2. Staffing the Organization -- Section 3. Training and Developing Human Resources -- Section 4. Compensation and Employee Relations -- Appendices: Appendix A. Current Literature in HR Management -- Appendix B. Starting a Career aPersonnel management aJackson, John H.